The latest pocket guidebook to Luxor & environoments [sic] including also Tut-Ankh-Amen.

محفوظ في:

المؤلف الرئيسي: Mansfield Meade, N. F. (مؤلف)

التنسيق: كتاب

اللغة: English

منشور في: Luxor : Gaddis, 1960.

الطبعة: 5th ed.

الموضوعات:

الوسوم: إضافة وسم

لا توجد وسوم, كن أول من يضع وسما على هذه التسجيلة!

رقم الطلب: DT73 .L8 M28 1960

LEADER 00931nam a22002657a 4500
003 OSt
005 20251209084423.0
008 251209t1960 ua abf g 000 0 eng d
040 |c ARCE Library 
043 |a f-ua--- 
050 1 4 |a DT73 .L8  |b M28 1960 
100 1 |a Mansfield Meade, N. F.,   |e author 
245 1 4 |a The latest pocket guidebook to Luxor & environoments [sic] including also Tut-Ankh-Amen. 
250 |a 5th ed. 
264 1 |a Luxor :   |b Gaddis,   |c 1960. 
300 |a 159 pages :   |b illustrations, maps (part fold.) ;   |c 17 cm. 
500 |a Compiler from cover. 
500 |a Cover title: U.A.R., Egypt, Luxor, Thebes, including also Memphis, Sakara, up to Nubia: a compact guide. 
600 0 0 |a Tutankhamen,   |c King of Egypt. 
651 0 |a Luxor (Egypt)  |v Guidebooks. 
651 0 |a Luxor (Egypt)  |x Antiquities. 
651 0 |a Luxor (Egypt)   |x Description and travel. 
901 |a reviewed 
942 |c BK  |2 lcc 
999 |c 27932  |d 27932